[Event "IV Torneo A"]
[Site "Assisi ITA"]
[Date "2008.12.21"]
[Round "6"]
[White "Vocaturo, Daniele"]
[Black "Calandri, Fausto"]
[Result "1-0"]
[WhiteElo "2383"]
[BlackElo "2130"]
[PlyCount "69"]
[EventDate "2008.12.18"]

1. e4 e6 2. d4 d5 3. Nc3 Bb4 4. e5 Ne7 5. a3 Bxc3+ 6. bxc3 c5 7. h4 Nbc6 8. h5
Qa5 9. Bd2 cxd4 10. cxd4 Qa4 11. Nf3 Nxd4 12. Bd3 Nec6 13. Kf1 Nf5 14. h6 Nxh6
15. Rh4 d4 16. Nxd4 Nxd4 17. Bxh6 gxh6 18. Rxd4 Qxd4 19. Bb5+ Bd7 20. Qxd4
Bxb5+ 21. Kg1 O-O 22. a4 Bc6 23. Ra3 Kh8 24. Qh4 Rg8 25. Qf6+ Rg7 26. Rg3 Rag8
27. a5 a6 28. f3 h5 29. Kh2 h4 30. Rg4 Bd5 31. Kh3 Ba2 32. Kxh4 Bb1 33. Kh5
Bxc2 34. Kh6 Bg6 35. g3 1-0

[Event "IV Torneo A"]
[Site "Assisi ITA"]
[Date "2008.12.21"]
[Round "7"]
[White "Bighiu, Gheorghe"]
[Black "Trasciatti, Mirko"]
[Result "1-0"]
[WhiteElo "2026"]
[BlackElo "1963"]
[PlyCount "120"]
[EventDate "2008.12.18"]

1. e3 e6 2. d3 f5 3. f4 Nf6 4. Nf3 Be7 5. Be2 O-O 6. O-O c5 7. c4 Nc6 8. Ne5 d6
9. Nxc6 bxc6 10. Bf3 d5 11. Nc3 Bd7 12. b3 Be8 13. Qe2 Bf7 14. Na4 Nd7 15. e4
Nb6 16. Nc3 Rb8 17. a4 dxe4 18. dxe4 Qd4+ 19. Qe3 fxe4 20. Qxd4 cxd4 21. Nxe4
Nd7 22. Nd2 Rfc8 23. Re1 Bb4 24. Bd1 Bc3 25. Ra2 Nc5 26. Ba3 Nd3 27. Rf1 Bg6
28. g3 c5 29. Nf3 Bf5 30. Kg2 Nb4 31. Bxb4 Rxb4 32. Nd2 Re8 33. Re1 Bb1 34.
Nxb1 Bxe1 35. Re2 Bc3 36. Re5 Rb6 37. Rxc5 Bb4 38. Re5 Rc8 39. Kf3 Rc5 40. Ke4
Rd6 41. Rxc5 Bxc5 42. Kd3 Bb4 43. Nd2 Bxd2 44. Kxd2 Kf7 45. b4 Rd8 46. Kd3 Ke7
47. Bf3 e5 48. fxe5 Ke6 49. c5 Kxe5 50. c6 Kd6 51. Kxd4 Kc7+ 52. Kc5 Rd2 53.
Bd5 Rxh2 54. b5 Rc2+ 55. Bc4 Rc1 56. a5 Rb1 57. Bd3 Rb3 58. Bxh7 Rxg3 59. b6+
axb6+ 60. axb6+ Kb8 1-0

[Event "IV Torneo A"]
[Site "Assisi ITA"]
[Date "2008.12.21"]
[Round "7"]
[White "Calandri, Fausto"]
[Black "Quimi, Marco"]
[Result "1-0"]
[WhiteElo "2130"]
[BlackElo "2239"]
[PlyCount "103"]
[EventDate "2008.12.18"]

1. e4 c5 2. Nf3 Nc6 3. d4 cxd4 4. Nxd4 Nf6 5. Nc3 d6 6. f3 g6 7. Be3 Bg7 8. Qd2
O-O 9. Bc4 Nd7 10. O-O-O Nb6 11. Bb3 Na5 12. Qd3 Bd7 13. h4 Rc8 14. Kb1 Nbc4
15. Bc1 Ne5 16. Qe2 h5 17. g4 hxg4 18. f4 Nxb3 19. axb3 Nc6 20. Nxc6 Rxc6 21.
h5 Ra6 22. Bd2 Qa5 23. Na4 Qb5 24. Qxb5 Bxb5 25. Nc3 Bd7 26. Nd5 Bf6 27. Bc3
Bxc3 28. Nxe7+ Kg7 29. h6+ Kh8 30. bxc3 Bc6 31. Nd5 f5 32. Rhe1 Re8 33. Nc7
Rxe4 34. Nxa6 Rxe1 35. Rxe1 bxa6 36. Kc1 g3 37. Kd2 Kh7 38. Ke3 Kxh6 39. Rd1
Kh5 40. Rxd6 Be4 41. b4 g5 42. Rd7 g2 43. Kf2 g4 44. Rh7+ Kg6 45. Rxa7 g3+ 46.
Kg1 Kh5 47. Rg7 Kh4 48. c4 Bxc2 49. Kxg2 Be4+ 50. Kg1 Bd3 51. c5 Be4 52. Rg6
1-0

[Event "IV Torneo A"]
[Site "Assisi ITA"]
[Date "2008.12.21"]
[Round "7"]
[White "Caruso, Augusto"]
[Black "Procacci, Sergio"]
[Result "0-1"]
[WhiteElo "2250"]
[BlackElo "2052"]
[PlyCount "109"]
[EventDate "2008.12.18"]

1. Nc3 d6 2. d4 Nf6 3. e4 g6 4. f4 Bg7 5. Nf3 O-O 6. Bd3 Na6 7. O-O c5 8. d5
Rb8 9. Kh1 Bg4 10. Bc4 Qd7 11. e5 dxe5 12. fxe5 Nh5 13. Ne4 b5 14. Be2 Bf5 15.
Nf2 Nb4 16. Ne1 Bxe5 17. Bxh5 gxh5 18. Qxh5 Bg7 19. Nfd3 Bg6 20. Qf3 Nxd3 21.
Nxd3 Rbd8 22. Bg5 f6 23. Nxc5 fxg5 24. Qxf8+ Bxf8 25. Nxd7 Rxd7 26. a4 b4 27.
c4 bxc3 28. bxc3 Rxd5 29. Rad1 Ra5 30. Rd8 Bf7 31. h4 h6 32. Rb1 Rf5 33. Rbb8
Bc4 34. Rbc8 Be2 35. c4 Bg4 36. Kh2 gxh4 37. c5 Rf7 38. Rb8 e5 39. c6 Kg7 40.
Rb7 e4 41. Rd4 Bf5 42. g4 hxg3+ 43. Kxg3 Be7 44. c7 Bc8 45. Rb8 Rf8 46. Rxe4
Kf7 47. Rf4+ Bf6 48. Rc4 Ke6 49. Rb1 Be5+ 50. Kh4 Rf4+ 51. Rxf4 Bxf4 52. Rf1
Bg5+ 53. Kg3 Kd6 54. Rf7 a5 55. Rf5 0-1

[Event "IV Torneo A"]
[Site "Assisi ITA"]
[Date "2008.12.21"]
[Round "7"]
[White "De Filomeno, Simone"]
[Black "Tocchioni, Doriano"]
[Result "0-1"]
[WhiteElo "2147"]
[BlackElo "2259"]
[PlyCount "130"]
[EventDate "2008.12.18"]

1. e4 Nc6 2. d4 d5 3. Nc3 Nf6 4. e5 Ne4 5. Nce2 f6 6. Nf4 g6 7. Bb5 Bg7 8. f3
Ng5 9. h4 Nf7 10. h5 g5 11. h6 Nxh6 12. Nh5 O-O 13. Nxg7 Kxg7 14. f4 Bg4 15.
Be2 Bf5 16. fxg5 fxg5 17. Bxg5 Nf7 18. Qd2 Nxd4 19. Bh6+ Nxh6 20. Qxh6+ Kg8 21.
O-O-O c5 22. Bd3 Qb6 23. Qg5+ Qg6 24. Qxe7 Rae8 25. Qxc5 Nxc2 26. Qxd5+ Kh8 27.
Bxf5 Rxf5 28. Qd3 Rc8 29. Kb1 Ne3 30. Nf3 Nxd1 31. Rxd1 Rf7 32. Qxg6 hxg6 33.
a3 Kg7 34. Rd4 Rc6 35. Rd8 Rc4 36. Rd6 Re7 37. Rd2 Kh6 38. Ka2 g5 39. Kb3 Rf4
40. Re2 g4 41. Nd2 Kg6 42. Nc4 Rd4 43. Kc3 Rd8 44. a4 Kg5 45. g3 Rc7 46. b3 Kf5
47. Kc2 Rd4 48. Kb2 Ke6 49. Kc3 Kd5 50. Re1 Re4 51. Rd1+ Ke6 52. Rd6+ Kf5 53.
Kd3 Re1 54. Kd2 Rg1 55. Rd3 Rg2+ 56. Kc3 Rf2 57. Kd4 Rd7+ 58. Nd6+ Ke6 59. Ke4
Re2+ 60. Re3 Rxe3+ 61. Kxe3 Kxe5 62. Nc4+ Kf5 63. Nd2 Re7+ 64. Kd3 Re1 65. b4
Ra1 0-1

[Event "IV Torneo A"]
[Site "Assisi ITA"]
[Date "2008.12.21"]
[Round "7"]
[White "Di Lascio, Savino"]
[Black "Corvi, Marco"]
[Result "0-1"]
[WhiteElo "1953"]
[BlackElo "2343"]
[PlyCount "82"]
[EventDate "2008.12.18"]

1. e4 Nf6 2. e5 Nd5 3. d4 d6 4. c4 Nb6 5. f4 dxe5 6. fxe5 Nc6 7. Be3 Bf5 8. Nc3
e6 9. Nf3 Be7 10. Be2 O-O 11. O-O f6 12. d5 Nxe5 13. Bxb6 axb6 14. Nxe5 fxe5
15. Bf3 Bc5+ 16. Kh1 Qh4 17. Qe2 Kh8 18. g3 Qh6 19. g4 e4 20. Bg2 Bd6 21. h3
Bg6 22. dxe6 Rfe8 23. Rad1 Rxe6 24. Nb5 Be5 25. Rd7 Qh4 26. Qe3 h5 27. Nd4 Rd6
28. Rxd6 cxd6 29. gxh5 Qxh5 30. a3 Re8 31. Nb5 Qh4 32. b3 Qg3 33. Qg1 e3 34.
Rf3 e2 35. Re3 Bf4 36. Rxg3 Bxg3 37. Nxd6 Bxd6 38. Qe1 Bg3 39. Qxg3 e1=Q+ 40.
Kh2 Qxg3+ 41. Kxg3 Re3+ 0-1

[Event "IV Torneo A"]
[Site "Assisi ITA"]
[Date "2008.12.21"]
[Round "7"]
[White "Meijers, Viesturs"]
[Black "Aleksic, Nenad"]
[Result "1/2-1/2"]
[WhiteElo "2514"]
[BlackElo "2376"]
[PlyCount "21"]
[EventDate "2008.12.18"]

1. e4 c5 2. Nf3 d6 3. d4 cxd4 4. Nxd4 Nf6 5. Nc3 a6 6. Be2 e6 7. O-O Nbd7 8. f4
Qc7 9. a4 g6 10. Nf3 Bg7 11. Kh1 1/2-1/2

[Event "IV Torneo A"]
[Site "Assisi ITA"]
[Date "2008.12.21"]
[Round "7"]
[White "Vuelban, Virgilio"]
[Black "Vocaturo, Daniele"]
[Result "1/2-1/2"]
[WhiteElo "2390"]
[BlackElo "2383"]
[PlyCount "91"]
[EventDate "2008.12.18"]

1. d4 Nf6 2. Nf3 e6 3. c4 Nc6 4. Nc3 Bb4 5. Qc2 d6 6. Bd2 O-O 7. a3 Bxc3 8.
Bxc3 Re8 9. Rd1 Qe7 10. e3 a5 11. Be2 e5 12. h3 a4 13. O-O exd4 14. Nxd4 Nxd4
15. Rxd4 Ne4 16. Bf3 Bf5 17. Bxe4 Bxe4 18. Qd2 Rad8 19. f3 Bf5 20. Rd1 Ra8 21.
e4 Be6 22. f4 f6 23. g4 Bf7 24. Re1 Rad8 25. e5 dxe5 26. fxe5 Qc5 27. Re3 Rxd4
28. Qxd4 Qxd4 29. Bxd4 Bxc4 30. exf6 Rxe3 31. Bxe3 gxf6 32. Kf2 Kf7 33. Kg3 Bd3
34. Kf4 Ke6 35. Bd4 b6 36. h4 c5 37. Bc3 Bc2 38. g5 fxg5+ 39. hxg5 Kd5 40. Ke3
Kc4 41. Kd2 Kb3 42. Kc1 b5 43. Bg7 Bf5 44. Bf8 Kc4 45. Be7 b4 46. Bf8 1/2-1/2

[Event "IV Torneo A"]
[Site "Assisi ITA"]
[Date "2008.12.22"]
[Round "8"]
[White "Calandri, Fausto"]
[Black "Meijers, Viesturs"]
[Result "0-1"]
[WhiteElo "2130"]
[BlackElo "2514"]
[PlyCount "46"]
[EventDate "2008.12.18"]

1. e4 c5 2. Nf3 e6 3. d4 cxd4 4. Nxd4 a6 5. Nc3 b5 6. g3 Bb7 7. Bg2 h5 8. O-O
h4 9. g4 h3 10. Bh1 Qc7 11. Qe2 Bd6 12. f3 b4 13. Na4 Nc6 14. Be3 Nge7 15. Rfd1
O-O 16. Rac1 Nxd4 17. Bxd4 Bf4 18. Be3 Bc6 19. Nb6 Rab8 20. Nc4 Bb5 21. Bxf4
Qxf4 22. Qe3 Ng6 23. Qb3 d5 0-1

[Event "IV Torneo A"]
[Site "Assisi ITA"]
[Date "2008.12.22"]
[Round "8"]
[White "Corvi, Marco"]
[Black "Cuppone, Damiano"]
[Result "1-0"]
[WhiteElo "2343"]
[BlackElo "1953"]
[PlyCount "49"]
[EventDate "2008.12.18"]

1. c4 Nf6 2. Nc3 g6 3. Nf3 Bg7 4. g3 O-O 5. Bg2 d6 6. O-O e5 7. d3 Nc6 8. Rb1
a5 9. a3 Re8 10. Bg5 h6 11. Bxf6 Bxf6 12. Nd2 Bg7 13. b4 axb4 14. axb4 e4 15.
b5 Ne7 16. d4 e3 17. Nb3 Nf5 18. f4 c5 19. bxc6 Ra7 20. Nb5 Qb6 21. Nxa7 Qxa7
22. cxb7 Bxb7 23. d5 h5 24. c5 dxc5 25. Nxc5 1-0

[Event "IV Torneo A"]
[Site "Assisi ITA"]
[Date "2008.12.22"]
[Round "8"]
[White "Gambardella, Piero"]
[Black "Caruso, Augusto"]
[Result "0-1"]
[WhiteElo "2021"]
[BlackElo "2250"]
[PlyCount "44"]
[EventDate "2008.12.18"]

1. d4 d6 2. c4 Nd7 3. Nc3 g6 4. e4 Bg7 5. f3 e5 6. Nge2 f5 7. Be3 Ngf6 8. exf5
gxf5 9. dxe5 dxe5 10. Qc2 Nb6 11. Rd1 Bd7 12. Nc1 c6 13. Bc5 Nh5 14. Bd3 Qg5
15. O-O Rg8 16. Rfe1 O-O-O 17. Bd6 e4 18. Bf1 exf3 19. Re7 fxg2 20. Be2 Nf4 21.
Bxf4 Qxe7 22. Bd6 Qe3+ 0-1

[Event "IV Torneo A"]
[Site "Assisi ITA"]
[Date "2008.12.22"]
[Round "8"]
[White "Marsili, Riccardo"]
[Black "Trasciatti, Mirko"]
[Result "1/2-1/2"]
[WhiteElo "1859"]
[BlackElo "1963"]
[PlyCount "56"]
[EventDate "2008.12.18"]

1. e4 e6 2. Nf3 d5 3. Nc3 dxe4 4. Nxe4 Bd7 5. Bc4 Bc6 6. Nc3 Nf6 7. O-O Bd6 8.
d3 Nbd7 9. Nd4 O-O 10. Nxc6 bxc6 11. Bb3 Nb6 12. Qf3 Qd7 13. Re1 c5 14. Bg5 Be7
15. a4 a5 16. Nb5 c6 17. Na3 Nfd5 18. Bxe7 Qxe7 19. Nc4 Qf6 20. Qxf6 gxf6 21.
Nxb6 Nxb6 22. Re4 Rad8 23. Rae1 Rd4 24. Kf1 Kg7 25. R1e3 Rxe4 26. Rxe4 Rd8 27.
f3 f5 28. Re2 Kf6 1/2-1/2

[Event "IV Torneo A"]
[Site "Assisi ITA"]
[Date "2008.12.22"]
[Round "8"]
[White "Procacci, Sergio"]
[Black "Bighiu, Gheorghe"]
[Result "1-0"]
[WhiteElo "2052"]
[BlackElo "2026"]
[PlyCount "66"]
[EventDate "2008.12.18"]

1. e4 e5 2. f4 exf4 3. Nf3 g5 4. h4 g4 5. Ne5 Qe7 6. Nxg4 Qxe4+ 7. Qe2 d5 8.
Nf2 Qe6 9. Nc3 c6 10. Nh3 Bd6 11. d4 f3 12. gxf3 Bg3+ 13. Nf2 Ne7 14. Bh3 f5
15. Be3 Nd7 16. O-O-O Nf6 17. Nd3 Bd6 18. Rde1 Bd7 19. Bg5 Qxe2 20. Rxe2 Kf7
21. Rhe1 Ng6 22. Ne5+ Bxe5 23. dxe5 h6 24. Bd2 Nh5 25. e6+ Bxe6 26. Rxe6 Nhf4
27. Bxf4 Nxf4 28. Re7+ Kf6 29. Bf1 Rhg8 30. Bd3 Rg3 31. Ne2 Nxd3+ 32. cxd3 Rxf3
33. Nd4 Rf4 1-0

[Event "IV Torneo A"]
[Site "Assisi ITA"]
[Date "2008.12.22"]
[Round "8"]
[White "Quimi, Marco"]
[Black "Di Lascio, Savino"]
[Result "1-0"]
[WhiteElo "2239"]
[BlackElo "1953"]
[PlyCount "61"]
[EventDate "2008.12.18"]

1. d4 Nf6 2. Nf3 g6 3. Bf4 Bg7 4. e3 d6 5. h3 O-O 6. Be2 Nbd7 7. Nbd2 c5 8. c3
a6 9. a4 cxd4 10. exd4 Nd5 11. Bh2 e5 12. O-O Nf4 13. Bxf4 exf4 14. Re1 d5 15.
Nb3 g5 16. Qc2 f5 17. Bd3 g4 18. hxg4 fxg4 19. Bxh7+ Kh8 20. Nh2 Nf6 21. Bg6
Ng8 22. Nc5 Qf6 23. Re5 b6 24. Nb3 Nh6 25. Rae1 g3 26. Nf3 gxf2+ 27. Kxf2 Ng4+
28. Ke2 Nxe5 29. Rh1+ Kg8 30. Nxe5 Bf5 31. Bh7+ 1-0

[Event "IV Torneo A"]
[Site "Assisi ITA"]
[Date "2008.12.22"]
[Round "8"]
[White "Vocaturo, Daniele"]
[Black "Tocchioni, Doriano"]
[Result "1-0"]
[WhiteElo "2383"]
[BlackElo "2259"]
[PlyCount "57"]
[EventDate "2008.12.18"]

1. e4 Nc6 2. d4 d5 3. Nc3 e5 4. Bb5 Bb4 5. Bd2 Nf6 6. dxe5 Bxc3 7. exf6 Bxf6 8.
Bb4 Be6 9. Qe2 Be7 10. Bc3 dxe4 11. Qxe4 O-O 12. Ne2 Qd4 13. Bd3 Qxe4 14. Bxe4
Bb4 15. Bxc6 Bxc3+ 16. Nxc3 bxc6 17. O-O-O Rfe8 18. Rhe1 Rad8 19. Rxd8 Rxd8 20.
Re5 Kf8 21. Ra5 Ra8 22. Ra6 Bd7 23. b4 Ke7 24. a3 Kd6 25. Nb5+ Ke5 26. Nxc7 Rd8
27. Rxa7 Bg4 28. f3 Bh5 29. Ra5+ 1-0

[Event "IV Torneo A"]
[Site "Assisi ITA"]
[Date "2008.12.22"]
[Round "9"]
[White "Caruso, Augusto"]
[Black "Calandri, Fausto"]
[Result "1-0"]
[WhiteElo "2250"]
[BlackElo "2130"]
[PlyCount "57"]
[EventDate "2008.12.18"]

1. d4 e6 2. e4 d5 3. Nd2 Nf6 4. e5 Nfd7 5. Bd3 c5 6. c3 Nc6 7. Ne2 cxd4 8. cxd4
f6 9. exf6 Nxf6 10. O-O Bd6 11. Nf3 O-O 12. Bf4 Bxf4 13. Nxf4 Ne4 14. Nh5 g6
15. Ng3 Nxg3 16. fxg3 Qb6 17. Kh1 Bd7 18. Qd2 Qb4 19. Qe3 Rae8 20. h4 Qd6 21.
Rae1 Qxg3 22. h5 Re7 23. Qh6 Rxf3 24. hxg6 hxg6 25. Bxg6 Rg7 26. Rxf3 Qxe1+ 27.
Kh2 Ne7 28. Bh7+ Kh8 29. Rf7 1-0

[Event "IV Torneo A"]
[Site "Assisi ITA"]
[Date "2008.12.22"]
[Round "9"]
[White "Di Lascio, Savino"]
[Black "Cuppone, Damiano"]
[Result "1-0"]
[WhiteElo "1953"]
[BlackElo "1953"]
[PlyCount "65"]
[EventDate "2008.12.18"]

1. e4 c5 2. Nf3 e6 3. g3 Nc6 4. Bg2 Nf6 5. Qe2 d6 6. O-O Be7 7. c3 e5 8. Na3
O-O 9. Re1 Re8 10. Nc2 Bf8 11. d3 h6 12. Ne3 g6 13. Nh4 Bg7 14. h3 Be6 15. Qf3
Ne7 16. g4 d5 17. Nf1 Nh7 18. Qg3 Nc6 19. Ne3 dxe4 20. dxe4 Ng5 21. Rd1 Qf6 22.
Nd5 Bxd5 23. exd5 Rad8 24. Be3 Ne7 25. Bxc5 e4 26. Bd4 Qa6 27. Bf1 Qa5 28. Bxg7
Kxg7 29. c4 Qc5 30. d6 Ng8 31. Rd5 Qc6 32. Rad1 Nf6 33. Qc3 1-0

[Event "IV Torneo A"]
[Site "Assisi ITA"]
[Date "2008.12.22"]
[Round "9"]
[White "Marsili, Riccardo"]
[Black "Quimi, Marco"]
[Result "0-1"]
[WhiteElo "1859"]
[BlackElo "2239"]
[PlyCount "156"]
[EventDate "2008.12.18"]

1. e4 g6 2. d4 Bg7 3. Nf3 d6 4. Be3 Nf6 5. Nbd2 O-O 6. h3 Nbd7 7. c4 e5 8. d5
Nh5 9. g3 a5 10. Be2 b6 11. Nh2 Nhf6 12. Ng4 Nxg4 13. hxg4 Nc5 14. f3 f5 15.
gxf5 gxf5 16. Qc2 f4 17. Bxc5 bxc5 18. g4 Bd7 19. Rh2 Bf6 20. O-O-O Bg5 21. a4
Rb8 22. b3 Rf7 23. Nb1 Bxg4 24. fxg4 f3+ 25. Kb2 fxe2 26. Qxe2 Rf4 27. Rdh1 Qf6
28. Nd2 h6 29. Rg2 Rf8 30. Rhh2 Rf7 31. Ka2 Qg6 32. Kb2 Kg7 33. Ka2 R4f6 34.
Rf2 Bf4 35. Rhg2 Bg5 36. Rf5 Kf8 37. Kb2 Ke8 38. Kc3 Kd8 39. Kb2 Kc8 40. Kc3
Kb7 41. Kb2 Kb6 42. Kc3 Bf4 43. Nf3 Rg7 44. Nh4 Qf7 45. Rxf6 Qxf6 46. Nf5 Rg6
47. Qf3 Qg5 48. Qh3 h5 49. Qh4 Qxh4 50. Nxh4 Rxg4 51. Rxg4 hxg4 52. Kd3 c6 53.
dxc6 Kxc6 54. Ke2 Kd7 55. Nf5 Ke6 56. Kf2 Kf6 57. Kg2 Kg5 58. Nxd6 Bd2 59. Kg3
Be1+ 60. Kg2 Kf4 61. Kf1 Bh4 62. Kg2 Bd8 63. Nb7 Bb6 64. Nd6 Bc7 65. Nb7 Kxe4
66. Nxc5+ Kf5 67. Nd3 e4 68. Ne1 Bd6 69. Kf2 g3+ 70. Ke2 Bc5 71. Kf1 Kg4 72.
Kg2 Kf4 73. Kf1 Bb4 74. Ng2+ Kf3 75. Nh4+ Kg4 76. Ng6 Kh3 77. Nf4+ Kh2 78. Ke2
Bc5 0-1

[Event "IV Torneo A"]
[Site "Assisi ITA"]
[Date "2008.12.22"]
[Round "9"]
[White "Meijers, Viesturs"]
[Black "Corvi, Marco"]
[Result "1/2-1/2"]
[WhiteElo "2514"]
[BlackElo "2343"]
[PlyCount "20"]
[EventDate "2008.12.18"]

1. e4 Nf6 2. e5 Nd5 3. d4 d6 4. c4 Nb6 5. exd6 cxd6 6. Nf3 g6 7. b3 Bg7 8. Bb2
O-O 9. Be2 Nc6 10. O-O Bg4 1/2-1/2

[Event "IV Torneo A"]
[Site "Assisi ITA"]
[Date "2008.12.22"]
[Round "9"]
[White "Procacci, Sergio"]
[Black "De Filomeno, Simone"]
[Result "0-1"]
[WhiteElo "2052"]
[BlackElo "2147"]
[PlyCount "116"]
[EventDate "2008.12.18"]

1. e4 c5 2. Nc3 Nc6 3. g3 g6 4. Bg2 Bg7 5. f4 d6 6. Nf3 e6 7. d3 Nge7 8. O-O
O-O 9. Be3 Nd4 10. Rb1 Nec6 11. Ne2 Qa5 12. a3 Qa4 13. Nexd4 Nxd4 14. c3 Qxd1
15. Rfxd1 Nxf3+ 16. Bxf3 b6 17. e5 d5 18. b4 cxb4 19. cxb4 Bd7 20. Rdc1 Rac8
21. Rxc8 Rxc8 22. Rc1 Rxc1+ 23. Bxc1 Bb5 24. d4 Bc4 25. Kf2 b5 26. Bd2 f6 27.
Bg4 Kf7 28. h4 h6 29. Bh3 g5 30. hxg5 hxg5 31. Bc3 gxf4 32. gxf4 f5 33. Bg2 Kg6
34. Bf3 Bf8 35. Bd2 a6 36. Ke3 Be7 37. Be1 Bd8 38. Bd1 Bb6 39. Bf3 Bf1 40. Bh4
Bh3 41. Be7 Bg4 42. Bg2 Kf7 43. Bh4 Kg6 44. Be7 Kh5 45. Bg5 Bd1 46. Bh1 Kg4 47.
Bxd5 exd5 48. e6 Kg3 49. e7 Bh5 50. Bf6 Bc7 51. Be5 Bxe5 52. dxe5 Be8 53. e6
Kg4 54. Kd4 Kxf4 55. Kxd5 Kg5 56. Kd6 Kf6 57. Kd5 Kxe7 58. Ke5 Bg6 0-1

[Event "IV Torneo A"]
[Site "Assisi ITA"]
[Date "2008.12.22"]
[Round "9"]
[White "Tocchioni, Doriano"]
[Black "Vuelban, Virgilio"]
[Result "1-0"]
[WhiteElo "2259"]
[BlackElo "2390"]
[PlyCount "61"]
[EventDate "2008.12.18"]

1. d4 Nf6 2. Nf3 g6 3. Nc3 d5 4. Bg5 Bg7 5. Bxf6 exf6 6. g3 O-O 7. Bg2 Re8 8.
O-O c6 9. e3 Nd7 10. Ne1 Nb6 11. Nd3 Nc4 12. b3 Nd6 13. a4 Bf5 14. a5 a6 15.
Qd2 h5 16. Nc5 Bh6 17. N3a4 Qe7 18. Nb6 Rad8 19. c4 Ne4 20. Bxe4 Bxe4 21. cxd5
cxd5 22. Rfc1 Bg2 23. Kxg2 Qe4+ 24. Kg1 h4 25. Qd1 h3 26. Qf1 Qg4 27. Rc3 f5
28. f4 g5 29. Qd1 gxf4 30. Qxg4+ fxg4 31. gxf4 {...} 1-0

[Event "IV Torneo A"]
[Site "Assisi ITA"]
[Date "2008.12.22"]
[Round "9"]
[White "Trasciatti, Mirko"]
[Black "Gambardella, Piero"]
[Result "1/2-1/2"]
[WhiteElo "1963"]
[BlackElo "2021"]
[PlyCount "67"]
[EventDate "2008.12.18"]

1. f4 Nf6 2. e3 g6 3. Nf3 Bg7 4. Be2 O-O 5. O-O d5 6. d4 c5 7. c3 Nc6 8. Ne5
cxd4 9. exd4 Qb6 10. Kh1 Bf5 11. Nd2 Rfd8 12. g4 Be4+ 13. Nxe4 Nxe4 14. Bf3 f6
15. Nxc6 Qxc6 16. Bxe4 dxe4 17. Qb3+ e6 18. Be3 f5 19. g5 Rac8 20. h4 Kf7 21.
Kg2 a6 22. h5 b5 23. h6 Bf8 24. a4 Ra8 25. Rfd1 Qc4 26. Qc2 b4 27. b3 Qxc3 28.
Rac1 Qxe3 29. Qc7+ Kg8 30. Qe5 Qe2+ 31. Kg1 Re8 32. Rc7 Qxd1+ 33. Kg2 Qe2+ 34.
Kg1 1/2-1/2

[Event "IV Torneo A"]
[Site "Assisi ITA"]
[Date "2008.12.22"]
[Round "9"]
[White "Vocaturo, Daniele"]
[Black "Aleksic, Nenad"]
[Result "1-0"]
[WhiteElo "2383"]
[BlackElo "2376"]
[PlyCount "31"]
[EventDate "2008.12.18"]

1. e4 c5 2. Nf3 d6 3. d4 cxd4 4. Nxd4 Nf6 5. Nc3 a6 6. Bg5 e6 7. f4 Qb6 8. Qd2
Nc6 9. Bxf6 gxf6 10. Nb3 Bd7 11. O-O-O O-O-O 12. Be2 h5 13. Rhf1 Na5 14. Nxa5
Qxa5 15. Kb1 Be7 16. Nd5 1-0

[Event "XIX Festival A"]
[Site "Robecchetto con Induno ITA"]
[Date "2008.12.27"]
[Round "1"]
[White "Bianchi, Alberto"]
[Black "Testa, Loris"]
[Result "1-0"]
[WhiteElo "2002"]
[BlackElo "1668"]
[PlyCount "40"]
[EventDate "2008.12.27"]

1. e4 d5 2. Nc3 dxe4 3. Nxe4 Nf6 4. Ng3 Nc6 5. Nf3 e6 6. d4 Bd6 7. c3 a6 8. Bd3
O-O 9. O-O Re8 10. Bg5 h6 11. Bxf6 Qxf6 12. Ne4 Qd8 13. Bc2 Bf8 14. Qd3 g6 15.
Rad1 Bg7 16. Rfe1 e5 17. d5 Ne7 18. d6 cxd6 19. Nxd6 Bf5 20. Qe2 Rf8 1-0

[Event "XIX Festival A"]
[Site "Robecchetto con Induno ITA"]
[Date "2008.12.27"]
[Round "1"]
[White "Brugo, Marco"]
[Black "Morandi, Daniele"]
[Result "1/2-1/2"]
[WhiteElo "2152"]
[BlackElo "1950"]
[PlyCount "39"]
[EventDate "2008.12.27"]

1. d4 Nf6 2. c4 g6 3. Nc3 Bg7 4. e4 d6 5. Be2 Rf8 6. Nf3 e5 7. d5 Nbd7 8. Bg5
h6 9. Bh4 g5 10. Bg3 Nh5 11. h4 Nxg3 12. fxg3 g4 13. Nh2 h5 14. O-O a5 15. Rf2
Nc5 16. Bd3 f5 17. exf5 e4 18. Nxe4 Bd4 19. Nxg4 Nxd3 20. Qxd3 1/2-1/2

[Event "XIX Festival A"]
[Site "Robecchetto con Induno ITA"]
[Date "2008.12.27"]
[Round "1"]
[White "Carbone, Lorenzo"]
[Black "Corti, Corrado"]
[Result "0-1"]
[WhiteElo "1817"]
[BlackElo "2038"]
[PlyCount "86"]
[EventDate "2008.12.27"]

1. e4 e5 2. Nf3 d6 3. Bb5+ c6 4. Ba4 Bg4 5. O-O Nf6 6. Re1 Be7 7. c3 O-O 8. d4
Nbd7 9. Nbd2 Re8 10. Nf1 Bh5 11. h3 Qa5 12. N1h2 Rad8 13. b4 Qc7 14. Bg5 a5 15.
a3 Ra8 16. b5 Nb6 17. bxc6 bxc6 18. Rb1 Nxa4 19. Qxa4 Bg6 20. Nd2 h6 21. Bh4
Nxe4 22. Nxe4 Bxh4 23. Nf3 Be7 24. Rb2 f5 25. Ng3 e4 26. Nd2 d5 27. c4 f4 28.
Ngf1 Qd6 29. Rb6 Rec8 30. Rc1 Be8 31. c5 Qg6 32. Qb3 Bf6 33. Qb2 Bd7 34. Kh2
Bh4 35. g3 fxg3+ 36. fxg3 Rf8 37. Qb3 Rf2+ 38. Kg1 Raf8 39. Qxd5+ Kh8 40. Nxe4
Bxg3 41. Nexg3 Rxf1+ 42. Rxf1 Rxf1+ 43. Kh2 Qc2+ 0-1

[Event "XIX Festival A"]
[Site "Robecchetto con Induno ITA"]
[Date "2008.12.27"]
[Round "1"]
[White "Cavallini, Gianfranco"]
[Black "Cardani, Roberto"]
[Result "1/2-1/2"]
[WhiteElo "2103"]
[BlackElo "1900"]
[PlyCount "83"]
[EventDate "2008.12.27"]

1. g3 d5 2. Bg2 Nf6 3. d3 c6 4. Nf3 Bg4 5. Nbd2 Nbd7 6. h3 Bh5 7. b3 e5 8. Bb2
Bd6 9. O-O O-O 10. c4 Re8 11. Nh4 Bg6 12. e4 Nc5 13. Qe2 dxe4 14. Nxe4 Nfxe4
15. dxe4 Ne6 16. Rad1 Qc7 17. Nf5 Bc5 18. Qg4 Rad8 19. h4 h5 20. Qf3 Nd4 21.
Bxd4 exd4 22. g4 hxg4 23. Qxg4 Bxf5 24. exf5 Qe5 25. h5 Bd6 26. f4 Qe2 27. Bh3
d3 28. f6 Qxg4+ 29. Bxg4 Bc5+ 30. Kh1 Re3 31. Bf5 d2 32. Rg1 g6 33. Kh2 Bd6 34.
Kg2 Bxf4 35. hxg6 fxg6 36. Bxg6 Rg3+ 37. Kf1 Rxg1+ 38. Kxg1 Rd6 39. f7+ Kg7 40.
Bh5 Rh6 41. Rf1 Rf6 42. Kf2 1/2-1/2

[Event "XIX Festival A"]
[Site "Robecchetto con Induno ITA"]
[Date "2008.12.27"]
[Round "1"]
[White "Cereda, Loris"]
[Black "Rota, Simone"]
[Result "1/2-1/2"]
[WhiteElo "2053"]
[BlackElo "1864"]
[PlyCount "154"]
[EventDate "2008.12.27"]

1. e4 c5 2. c3 Nf6 3. e5 Nd5 4. d4 cxd4 5. Nf3 d6 6. cxd4 e6 7. Bc4 Nb6 8. Bd3
Nc6 9. O-O h6 10. Qe2 Nb4 11. Bb5+ Bd7 12. Nc3 a6 13. Bxd7+ Qxd7 14. a3 N4d5
15. Ne4 Rc8 16. exd6 Bxd6 17. Ne5 Qc7 18. f4 O-O 19. Bd2 Bxe5 20. fxe5 Qc4 21.
Qf2 Qd3 22. Nd6 Rc2 23. Rad1 Nc4 24. Nxc4 Qxc4 25. Rc1 Qd3 26. Rxc2 Qxc2 27.
Bc3 Qg6 28. Rc1 Rc8 29. Qd2 Qg4 30. Rf1 b5 31. Rf3 Qe4 32. Kf2 Rc4 33. Qd3 Nxc3
34. bxc3 Qxd3 35. Rxd3 Ra4 36. d5 exd5 37. Rxd5 Rxa3 38. Rc5 Kf8 39. Rc7 a5 40.
Rb7 Rb3 41. Ke2 a4 42. Kd3 a3 43. Ra7 b4 44. Kc4 Rxc3+ 45. Kxb4 Re3 46. Kc4
Rxe5 47. Rxa3 Re2 48. Rg3 g6 49. Kd3 Re6 50. Rf3 Kg7 51. g4 Ra6 52. Rf2 Ra4 53.
Rg2 Rf4 54. Ke3 g5 55. Rg3 Kg6 56. h3 f6 57. Rg1 Ra4 58. Kf3 Ra3+ 59. Kg2 h5
60. Rf1 Ra2+ 61. Kh1 hxg4 62. hxg4 Ra4 63. Rg1 Kf7 64. Kh2 Re4 65. Kg3 Ke6 66.
Rf1 Re5 67. Ra1 Rd5 68. Re1+ Kd6 69. Rf1 Rd3+ 70. Kg2 Ke6 71. Ra1 Kf7 72. Rf1
Kg6 73. Rf5 Rd2+ 74. Kg3 Rd1 75. Kg2 Re1 76. Kf2 Re4 77. Kg3 Re5 1/2-1/2